Online
Catalog

Una evaluación de la situación de la mujer dominicana. (Record no. 3699)

MARC details
000 -CABECERA
campo de control de longitud fija 02303nta a2200337 a 4500
001 - NÚMERO DE CONTROL
campo de control 000003877
003 - IDENTIFICADOR DEL NÚMERO DE CONTROL
campo de control DO-SdBNP
005 - FECHA Y HORA DE LA ÚLTIMA TRANSACCIÓN
campo de control 20250910095038.0
008 - DATOS DE LONGITUD FIJA--INFORMACIÓN GENERAL
campo de control de longitud fija 090714s1975 dr a r 001 0 spa d
040 ## - FUENTE DE LA CATALOGACIÓN
Centro catalogador/agencia de origen DO-SdBNP
Lengua de catalogación spa
Centro/agencia transcriptor BNPHU
082 ## - NÚMERO DE LA CLASIFICACIÓN DECIMAL DEWEY
Número de clasificación 305.42
Número de documento/Ítem C568e
111 2# - ENTRADA PRINCIPAL--NOMBRE DE CONGRESO/REUNIÓN
Nombre de congreso/reunión o jurisdicción como elemento de entrada Ciclo de charlas con motivo del Año Internacional de la Mujer (
Fecha del congreso/reunión 1975 :
Sede del congreso/Lugar de la reunión Santo Domingo)
9 (RLIN) 11702
245 14 - MENCIÓN DE TÍTULO
Título Una evaluación de la situación de la mujer dominicana.
260 ## - PUBLICACIÓN, DISTRIBUCIÓN, ETC.
Lugar de publicación, distribución, etc. Santo Domingo :
Nombre del editor, distribuidor, etc. BNPHU,
Fecha de publicación, distribución, etc. 1975.
300 ## - DESCRIPCIÓN FÍSICA
Extensión 184 h. con numeración repetida :
Otras características físicas il. ;
Dimensiones 28 cm.
500 ## - NOTA GENERAL
Nota general "Programa de las Naciones Unidas para el Desarrollo, reproducción de los trabajos presentados en el ciclo de charlas celebrado en cooperación con la Biblioteca Nacional con motivo del Año Internacional de la Mujer, 18-22 de agosto de 1975."-- Portada.
500 ## - NOTA GENERAL
Nota general Textos mecanografiados.
500 ## - NOTA GENERAL
Nota general Incluye tabla de contenido.
500 ## - NOTA GENERAL
Nota general Incluye datos biográficos de las conferencistas.
504 ## - NOTA DE BIBLIOGRAFÍA, ETC.
Nota de bibliografía, etc. Bibliografía : p. 15 y 27
505 0# - NOTA DE CONTENIDO CON FORMATO
Nota de contenido con formato Integración de la mujer dominicana en los procesos sociales / Ana Silvia Reynoso de Abud -- Aspectos jurídico-político de la mujer dominicana / Margarita Tavares -- La mujer y su participación en el proceso cultural / Jeannette Miller -- La mujer y los medios de comunicación / Norma Santana -- La mujer en el aspecto educactivo -- La mujer y la educación ambiental en República Dominicana / Ivelisse Prats-Ramírez de Perez -- Educación pública / Zoraida Heredia Vda. Suncar / Educación privada / Jacqueline Malagón de Jesús -- La mujer en el proceso productivo -- La mujer en el aspecto laboral / Isis Duarte -- La mujer rural / Amparo Vittini -- Visión y evaluación objetiva de los eventos de México / Marta Olga García.
650 #4 - PUNTO DE ACCESO ADICIONAL DE MATERIA--TÉRMINO DE MATERIA
Término de materia o nombre geográfico como elemento de entrada Mujeres
Subdivisión general Condiciones sociales
Subdivisión de forma Congresos, conferencias, etc.
9 (RLIN) 11703
650 #4 - PUNTO DE ACCESO ADICIONAL DE MATERIA--TÉRMINO DE MATERIA
Término de materia o nombre geográfico como elemento de entrada Mujeres
Subdivisión general Cuestiones sociales y morales
9 (RLIN) 11704
650 #4 - PUNTO DE ACCESO ADICIONAL DE MATERIA--TÉRMINO DE MATERIA
Término de materia o nombre geográfico como elemento de entrada Mujeres en los medios de comunicación de masas
9 (RLIN) 11705
650 #4 - PUNTO DE ACCESO ADICIONAL DE MATERIA--TÉRMINO DE MATERIA
Término de materia o nombre geográfico como elemento de entrada Mujeres
Subdivisión general Situación legal
9 (RLIN) 11706
650 #4 - PUNTO DE ACCESO ADICIONAL DE MATERIA--TÉRMINO DE MATERIA
Término de materia o nombre geográfico como elemento de entrada Año internacional de la mujer, 1975
9 (RLIN) 11707
710 2# - PUNTO DE ACCESO ADICIONAL--NOMBRE DE ENTIDAD CORPORATIVA
Nombre de entidad corporativa o nombre de jurisdicción como elemento de entrada Programa de las Naciones Unidas para el Desarrollo
9 (RLIN) 187
710 2# - PUNTO DE ACCESO ADICIONAL--NOMBRE DE ENTIDAD CORPORATIVA
Nombre de entidad corporativa o nombre de jurisdicción como elemento de entrada Biblioteca Nacional (República Dominicana)
9 (RLIN) 11708
910 ## - DATOS DE OPCIÓN DEL USUARIO (OCLC)
Datos de opción del usuario Validado. Control de calidad. MFF
942 ## - ELEMENTOS DE PUNTO DE ACCESO ADICIONAL (KOHA)
Fuente del sistema de clasificación o colocación Dewey Decimal Classification
Tipo de ítem Koha Libro
Holdings
Estado de retiro Estado de pérdida No para préstamo Código de colección Localización permanente Ubicación/localización actual Ubicación en estantería Fecha de adquisición Número de inventario Total de préstamos Signatura topográfica completa Código de barras Fecha visto por última vez Precio válido a partir de Tipo de ítem Koha
    Excluido de préstamo Patrimonio Dominicano Patrimonio Dominicano Patrimonio Dominicano Depósito 14.07.2009 LF1   305.42 C568e 3877-10 25.06.2020 25.06.2020 Libro y Folleto Colección Patrimonio Dominicano

Powered by Koha